Los judeoconversos en la España moderna

Wedi'i Gadw mewn:
Manylion Llyfryddiaeth
Prif Awdur: Domínguez Ortiz, Antonio (Awdur)
Fformat: Llyfr
Iaith:Sbaeneg
Cyhoeddwyd: Madrid MAPFRE 1992
Cyfres:Colección América 92, 7
Pynciau:
Tagiau: Ychwanegu Tag
Dim Tagiau, Byddwch y cyntaf i dagio'r cofnod hwn!

MARC

LEADER 00000nam a2200000 a 4500
001 UCX6895
003 CL-VaPUC
008 930827e19920000SP |||||||||||||||||spa|d
082 0 4 |a 946.02  |b DOM  |2 21 
100 0 |a Domínguez Ortiz, Antonio  |e author  |9 323567 
245 1 4 |a Los judeoconversos en la España moderna 
300 |a 292 p 
942 |c BK 
945 |d 19930827 00:00:00 
260 |a Madrid  |b MAPFRE  |c 1992 
650 7 |a JUDIOS HISTORIA  |2 CL-VaPUC  |9 257429 
650 7 |a CONVERSOS DEL JUDAISMO  |2 CL-VaPUC  |9 323568 
650 0 |a Judaísmo  |9 269348 
651 0 |a España  |9 254926 
583 |a last modification  |c 19930827 00:00:00  |k Rodrigo Vera 
490 0 |a Colección América 92, 7 
999 |c 226836  |d 226834 
952 |0 0  |1 0  |4 0  |6 946_020000000000000_DOM_1992  |7 0  |8 A  |9 225452  |a BIBHIS  |b BIBHIS  |d 2019-11-15  |i 294149K  |o 946.02 DOM 1992  |p 294149K  |r 2025-01-20  |w 2019-11-15  |y BK  |k HIS